logo

Bir Sreshtho Munshi Abdur Rouf Library
Jhenaidah Cadet College

পরিসংখ্যান একাদশ ও দ্বাদশ শ্রেণি প্রথম ও দ্বিতীয় পত্র / (Record no. 11346)

MARC details
000 -LEADER
fixed length control field 00738nam a2200217 a 4500
001 - CONTROL NUMBER
JCCL Control Number 11346
003 - CONTROL NUMBER IDENTIFIER
JCCL marc code BD-JhCC
005 - DATE AND TIME OF LATEST TRANSACTION
control field 20190831090414.0
008 - FIXED-LENGTH DATA ELEMENTS--GENERAL INFORMATION
fixed length control field 190831s19872019bg |||| ||a| 000 0 ben d
035 ## - SYSTEM CONTROL NUMBER
system control number (BD-JhCC)11346
040 ## - CATALOGING SOURCE
Original cataloging agency BD-JhCC
Modifying agency BD-JhCC
041 ## - LANGUAGE CODE
Language code of Book ben
082 ## - DEWEY DECIMAL CLASSIFICATION NUMBER
Classification number 519.5
Author mark and Year AZI 2019
100 ## - MAIN ENTRY--PERSONAL NAME
Personal name আজাদ, এ কে
245 ## - TITLE STATEMENT
Title পরিসংখ্যান একাদশ ও দ্বাদশ শ্রেণি প্রথম ও দ্বিতীয় পত্র /
Statement of responsibility, etc এ কে আজাদ ।
260 ## - PUBLICATION, DISTRIBUTION, ETC. (IMPRINT)
Place of publication, distribution, etc ঢাকা:
Name of publisher, distributor, etc স্টারলিং পাবলিকেশন;
Date of publication, distribution, etc ২০১৯.
300 ## - PHYSICAL DESCRIPTION
Pagination vries pages
Dimensions 24 cm.
650 ## - SUBJECT ADDED ENTRY--TOPICAL TERM
Topical term or geographic name as entry element Statistics
942 ## - ADDED ENTRY ELEMENTS (KOHA)
Source of classification or shelving scheme Dewey Decimal Classification
Koha item type Books
Holdings
Source of classification or shelving scheme Damaged status Not for loan Home library Current library Shelving location Date of accession Cost, normal purchase price Total Checkouts Full call number Barcode Date last seen Copy number Koha item type
Dewey Decimal Classification     JCC Rouf Library JCC Rouf Library General Stacks 08/31/2019 229.00   519.5 AZI 2019 15566 08/31/2019 C-1 Books
Dewey Decimal Classification     JCC Rouf Library JCC Rouf Library General Stacks 08/31/2019 229.00   519.5 AZI 2019 15565 08/31/2019 C-2 Books
Dewey Decimal Classification     JCC Rouf Library JCC Rouf Library General Stacks 08/31/2019 229.00   519.5 AZI 2019 15564 08/31/2019 C-3 Books

JCC Library | Contacts | JCC Home

Last Update on 23 September 2017
Copyright @ 2017-2020 JCC Rouf Library
Rouf Library, Jhenidah Cadet College (JCC), Bangladesh